| 000 | 00740nam a2200205 4500 | ||
|---|---|---|---|
| 999 |
_c191221 _d191221 |
||
| 005 | 20220823122533.0 | ||
| 010 | _aENG-1345558 | ||
| 020 |
_a9789389740967 _c395.00 |
||
| 035 | _aEN-118090 | ||
| 037 | _bDBAD/PUB | ||
| 082 | _a371.3 | ||
| 100 | _aMishra, Premananda | ||
| 245 |
_aLesson Planning of Universal Design and Adaptations for Visually Challenged/ _cby Premananda Mishra, K. Srinivas Reddy and Jasmer Singh |
||
| 260 |
_aNew Delhi _bNeelkamal Publications Pvt Ltd _c2021 |
||
| 270 |
_a# 4764/1, 23, Ansari Road, Daryaganj _bNew Delhi _e110002 _mneelkamalbooks@gmail.com |
||
| 300 |
_axix, 251p. _bIndex _c25cm(pbk) |
||
| 700 | _aReddy, K. Srinivas | ||
| 700 | _aSingh, Jasmer | ||
| 942 |
_2ddc _cEN _h371.3 _mMIS |
||